000 01124nam a22003017a 4500
001 7061
003 FISKH
005 20250619150541.0
008 250619b cb ||||| |||| 00| 0 eng d
020 _a9780142300183
040 _aFISKH
_beng
_cFISKH
_dFISKH
050 _aGV1785.T32 A3
082 _a792.028
100 _aTallchief , Maria
245 _aTallchief :
_bAmerica's Prima Ballerina /
_cby Maria Tallchief with Rosemary Well : illustrated by Gary Kelley
260 _aNew York :
_bPuffin Books ,
_c1999.
300 _a28 pages :
_bcolor illustrations ;
_c28 cm.
505 _aR
520 _aBallerina Maria Tallchief describes her childhood on an Osage reservation, the development of her love of dance, and her rise to success in that field.
521 8 _a750
_bLexile
521 8 _aR
_bRaz-Plus
650 _aTallchief, Maria
_vJuvenile Literature
650 _aBallerinas - United State -Biography
_vJuvenile Literature
650 _aOsage Indians- United States -Biography
_vJuvenile Literature
700 _aKelley, Gary
_eIllustrator
942 _2ddc
_cBK
_n0
999 _c7061
_d7061